000 00903nam a2200265Ia 4500
003 OSt
005 20220928123021.0
006 a|||||r|||| 00| 0
007 ta
008 220927b |||||||| |||| 00| 0 eng d
020 _c475
024 _a110380
037 _b5735, 07/01/2011, Bookwell Publications
_cTextual
040 _aSDCL
_cSDCL
_beng
041 _2eng
_aeng
082 _aY:677n2P10, Q1
100 _aCouncil for Social Development
_9459916
245 0 _aIndia social development report 2010
_b The land question and the marginalized.
260 _aNew Delhi
_bOxford University Press
_c2011
300 _axix,300p.
_ccm.
650 _aReference
700 _a Mohanty Manoranjan Ed.
_9418362
942 _hY:677n2P10, Q1
_cTEXL
_2CC
999 _c773179
_d773179